书目信息 |
| 题名: |
雕琢时尚家居
|
|
| 作者: | 王茂林 , 叶菡 , 罗友 主编 | |
| 分册: | ||
| 出版信息: | 长沙 湖南科学技术出版社 2009.04 |
|
| 页数: | 80页 | |
| 开本: | 23cm | |
| 丛书名: | ||
| 单 册: | ||
| 中图分类: | TU241 | |
| 科图分类: | ||
| 主题词: | 住宅--室内装饰--建筑设计 | |
| 电子资源: | ||
| ISBN: | 978-7-5357-5569-8 | |
| 000 | 00916nam0 2200253 450 | |
| 005 | 20100720151318.64 | |
| 010 | @a978-7-5357-5569-8@dCNY25.00 | |
| 100 | @a20100515d2009 em y0chiy0110 ea | |
| 101 | 0 | @achi |
| 102 | @aCN@b430000 | |
| 105 | @aa z 000yy | |
| 200 | 1 | @a雕琢时尚家居@Adiao zhuo shi shang jia ju@d= Carve fashionable furniture@e品位@f王茂林, 叶菡, 罗友主编@Fwang mao lin,ye han,luo you zhu bian@zeng |
| 210 | @a长沙@c湖南科学技术出版社@d2009.04 | |
| 215 | @a80页@d23cm | |
| 330 | @a本书以图为主,图文并茂地讲述家居整体格调的把握和提升,全书图例丰富、文字生动、时尚新颖,涉及家居艺术的主要方面。 | |
| 510 | 1 | @aCarve fashionable furniture@zeng |
| 517 | 1 | @a品位@Apin wei |
| 606 | 0 | @a住宅@x室内装饰@x建筑设计 |
| 690 | @aTU241@v4 | |
| 701 | 0 | @a王茂林@Awang mao lin@4主编 |
| 701 | 0 | @a叶菡@Aye han@4主编 |
| 701 | 0 | @a罗友@Aluo you@4主编 |
| 801 | 0 | @aCN@c20100515 |
| 905 | @dTU241@eW270@f3 | |
| 雕琢时尚家居= Carve fashionable furniture:品位/王茂林, 叶菡, 罗友主编.-长沙:湖南科学技术出版社,2009.04 |
| 80页;23cm |
| ISBN 978-7-5357-5569-8:CNY25.00 |
| 本书以图为主,图文并茂地讲述家居整体格调的把握和提升,全书图例丰富、文字生动、时尚新颖,涉及家居艺术的主要方面。 |
| ● |
| 相关链接 |
|
|
|
正题名:雕琢时尚家居
索取号:TU241/W270
 
预约/预借
| 序号 | 登录号 | 条形码 | 馆藏地/架位号 | 状态 | 备注 |